000 00391nam a2200169Ia 4500
008 230524s9999 xx 000 0 und d
082 _a510.133
_bSHA
100 _aJ.N.Sharma
245 0 _aReal Analysis
250 _a1ST
260 _aNEW DELHI
_bKrishna
_c1975
300 _aXV;608
500 _aQuantity Number: 4
650 _aMathematics
700 _a A.R.Vasistha
942 _cBK
999 _c22921
_d22921